| 000 | 00624nam a22002057a 4500 | ||
|---|---|---|---|
| 005 | 20180627142035.0 | ||
| 008 | 180627b xxu||||| |||| 00| 0 eng d | ||
| 010 | _aB-021982 | ||
| 020 |
_a818619097-X _c395.00 |
||
| 035 | _aB-021982 | ||
| 037 | _bBPPD/PUB | ||
| 040 |
_aDPL _bENG |
||
| 082 | _a796.03 | ||
| 100 | _aSharma, Kishore | ||
| 245 |
_aDictionary of games and sports / _cby Kishore Sharma |
||
| 260 |
_aNew Delhi _bSports Publication _c2000 |
||
| 270 |
_aWP-474, 1st floor , Shiv Market, Ashok Vihar _bNew delhi _e110052 |
||
| 300 |
_a246p.; _c22 cm.(Hb) |
||
| 942 |
_2ddc _cEN _mSHA _h796.03 |
||
| 999 |
_c153150 _d153150 |
||